000 005430000a22001930004500
005 20120302060818.0
942 _cBOOK
100 _a Vyas,R.T.
245 _a Brhadaranyaka Upanishad:A Eritical study
260 _aVadodara:Oriental Institute,1987
300 _axxxiii;124P
490 _aM.S.University of Baroda Research Series 15
040 _aENG
365 _bRs.63/-
650 _aPhilosophy
650 _aUpanishads-Philosophy
650 _aBrhadaranyaka-Upanishad
650 _aBrhadaranyaka-Metaphsics-cosmology-Brahmasutras.
999 _c352236
_d352233